00581nam a22001697a 45000050016000000080041000160100013000570200026000700350013000960370048001090820011001571000025001682450098001932600039002912700061003303000020003912009070304444.0090703t xxu||||| |||| 00| 0 eng d aB-343087 a9780195641486c335.00 aB-343087 aUBHbRP/CL/Eng/E:16/18.6.09/23.6.09/25.6.09 a921b1 aBose, Subhas Chandra aAn Indian Pilgrim:ban unfinished autobiography/cby ed. Bose Sisir Kumar & Bose SugatahEng. aNew DelhibOxford Universityc2009 aYMCA Library Building, Jai Singh RoadbNew Delhie110001 axvi,280p.c22cm